| 000 | 00736nam a22001577a 4500 | ||
|---|---|---|---|
| 003 | OSt | ||
| 005 | 20150918151545.0 | ||
| 008 | 150918b xxu||||| |||| 00| 0 eng d | ||
| 040 | _cRUA | ||
| 082 | _aAGR SOU 2006 BO33 Or.1 | ||
| 100 |
_9773 _aSOUM, SOCHEAT |
||
| 245 | _aEffect of using differennt fertilizers on bunchin onion at royal university of agriculture,(ឥទ្ធិពលនៃការប្រើប្រាស់ជីផ្សេងៗគ្នា ទៅលើដំណាំខ្ទឹមស្លឹក នៅក្នុងលក្ខខណ្ឌសាកលវិទ្យាល័យភូិន្ធកសិកម្ម). | ||
| 260 |
_aphnom phen _bRUA _c2006 |
||
| 300 |
_a41p. _bill. _c29cm. |
||
| 942 |
_2ddc _cAGR |
||
| 999 |
_c742 _d742 |
||